Histología de globo ocular - Estadísticas

Estadísticas generales
  • Esta prueba ha sido intentada 8 veces
    5 desde el último reinicio
  • La puntuación promedio es 18 de 42
Estadísticas de respuestas
Imagen Respuesta % Correcto
Córnea
100%
Retina
100%
Retina
100%
Coroides
67%
Coroides
67%
Coroides
67%
Coroides
67%
Estroma corneal
67%
Fibras del nervio óptico
67%
Músculo ciliar
67%
Barrera hematorretiniana
33%
Cámara anterior
33%
Capa coriocapilar
33%
Capa de Bowman
33%
Capa de los fotorreceptores
33%
Células ganglionares
33%
Conducto de Schlemm
33%
Endotelio
33%
Epitelio anterior del iris
33%
Epitelio ciliar
33%
Epitelio ciliar no pigmentario
33%
Epitelio ciliar pigmentario
33%
Epitelio pigmentario de la retina
33%
Epitelio plano estratificado no queratinizado
33%
Epitelio posterior del iris
33%
Esclera
33%
Esclera
33%
Lámina marginada anterior
33%
Membrana de Bruch
33%
Membrana de Descemet
33%
Membrana Fusca
33%
Membrana limitante externa
33%
Membrana limitante interna
33%
Músculo dilatador de la pupila
33%
Músculo dilatador de la pupila
33%
Nuclear externa
33%
Nuclear interna
33%
Plexiforme externa
33%
Plexiforme interna
33%
Proceso ciliar
33%
Sistema trabecular
33%
Vaso epiescleral
33%
No se encontraron pruebas coincidentes
Distribución de puntuación
Porcentaje de gente con cada puntuación
Porcentaje por número respondido
Historial de tus puntuaciones
No has intentado esta prueba desde el último reinicio